=LDR 00000nam 2200000 4500 =001 INLIS000000000035979 =005 20130612141807 =008 ***********************************Ind** =035 ##$$0010-061300000035979 =041 ##$$a Ind =082 ##$$a 610 =090 ##$$a 610, Kum k =245 ##$$a Kumpulan soal-soal klinik, Moh Ahyar =260 ##$$a 19.. $b ...sn =300 ##$$a 100 hlm., 23 cm =850 ##$$a NBPNMAT